书目信息 |
| 题名: |
人见人爱
|
|
| 作者: | 卡耐基 著 ;陈涓海 编译 | |
| 分册: | ||
| 出版信息: | 北京 中国长安出版社 2003.10 |
|
| 页数: | 252页 | |
| 开本: | 21cm | |
| 丛书名: | ||
| 单 册: | ||
| 中图分类: | C912.1 | |
| 科图分类: | ||
| 主题词: | 人际关系学 | |
| 电子资源: | ||
| ISBN: | 7-80175-061-6 | |
| 000 | 00795nam0 2200253 45 | |
| 001 | 012003000000 | |
| 005 | 20041025100851.80 | |
| 010 | @a7-80175-061-6@dCNY 23.80 | |
| 100 | @a20030902d2003 em y0chiy0121 ea | |
| 101 | 1 | @achi@ceng |
| 102 | @aCN@b110000 | |
| 105 | @aaf z 000yy | |
| 200 | 1 | @a人见人爱@Aren jian ren ai@e处处受欢迎的秘诀@f(美)戴尔·卡耐基著@g陈涓海编译 |
| 210 | @a北京@c中国长安出版社@d2003.10 | |
| 215 | @a252页@c图@d21cm | |
| 300 | @a封面并列题名: How to become the most popular one | |
| 510 | 1 | @aHow to become the most popular one@zeng |
| 517 | 1 | @a处处受欢迎的秘诀 |
| 606 | 0 | @a人际关系学 |
| 690 | @aC912.1@v4 | |
| 701 | 1 | @a卡耐基@Aka nai ji@b戴尔@4著 |
| 702 | 0 | @a陈涓海@Achen juan hai@4编译 |
| 801 | 0 | @aCN@bQSSKt3@c20041025 |
| 905 | @a10447@dC912.1@eD100 | |
| 人见人爱:处处受欢迎的秘诀/(美)戴尔·卡耐基著/陈涓海编译.-北京:中国长安出版社,2003.10 |
| 252页:图;21cm |
| 封面并列题名: How to become the most popular one |
| ISBN 7-80175-061-6:CNY 23.80 |
| ● |
| 相关链接 |
|
|
|
正题名:人见人爱
索取号:C912.1/D100
 
预约/预借
| 序号 | 登录号 | 条形码 | 馆藏地/架位号 | 状态 | 备注 |
| 1 | 422330 | 204223303 | 社科库509/509社科库 56排6列6层/ [索取号:C912.1/D100] | 在馆 | |
| 2 | 422331 | 204223312 | 社科库509/ [索取号:C912.1/D100] | 在馆 | |
| 3 | 422332 | 204223321 | 社科库509/509社科库 56排6列6层/ [索取号:C912.1/D100] | 在馆 |